000 00967nas a2200313 4500
001 BR0300878
003 BR-BrBNA
005 20231205103610.0
007 ta
008 230509b bl.|||p| |||| 00| 00por d
040 _aBR-BrBNA
_bpor
_cBiblioteca Nacional de Agricultura
041 _a(Pt)
072 _aF02
100 1 _aBatistini, A.P.
100 1 _aMoro, J.R.
100 1 _aFrança, S.C.
100 1 _aPereira, A.M.S.
245 1 _aAvaliação de diferentes sistemas de cultivo "in vitro" para a micropropagação de Psychotria ipecacuanha (Brot.)Stokes
650 _aPLANTA MEDICINAL
650 _aIPECACUANHA
650 _aCULTURA DE TECIDO
650 _aPLÂNTULA
650 _aRUBIACEAE
650 _aALCALÓIDE
650 _aMICROPROPAGAÇÃO
773 0 _tRevista Brasileira de Plantas Medicinais (Brazil)
_xISSN 1516-0572
_g(Oct 2002), v. 5(1) p. 27-35
_wBR0300878
909 _a202311
_bLúcia
_c55
_dLúcia Elande
942 _2AGRIS
_n0
_cANA
999 _c173743
_d173743